| 000 | 00470nam a22001817a 4500 | ||
|---|---|---|---|
| 003 | 0 | ||
| 005 | 20230921091915.0 | ||
| 008 | 230921b xxu||||| |||| 00| 0 eng d | ||
| 020 | _a978-1-78800-634-7 | ||
| 050 |
_aPZ 7 _b.F37 2020 |
||
| 100 | _aFarook, Nizrana | ||
| 245 |
_aThe girl who stole an elephant _cNizrana Farook |
||
| 260 |
_aLondon _bNosy Crow _cc2020. |
||
| 300 |
_a246 pages ; _c20 cm. |
||
| 500 | _aFiction | ||
| 650 | _aFiction. | ||
| 942 |
_2lcc _cBK |
||
| 999 |
_c365342 _d365342 |
||